Vista normal Vista MARC

Entrada Materia (personas)

Número de registros utilizados en: 1

001 - CONTROL NUMBER

  • control field: 170814

003 - CONTROL NUMBER IDENTIFIER

  • control field: Co-BoUCM

005 - DATE AND TIME OF LATEST TRANSACTION

  • control field: 20211112083407.0

008 - FIXED-LENGTH DATA ELEMENTS

  • fixed length control field: 211112|| aca||aabn | a|a d

040 ## - CATALOGING SOURCE

  • Original cataloging agency: Co-BoUCM
  • Transcribing agency: Co-BoUCM

100 ## - HEADING--PERSONAL NAME

  • Personal name: M. L

670 ## - SOURCE DATA FOUND

  • Source citation: Work cat.: (Co-BoUCM)85488: Tagore, Rabindranath 1861-1941 65734, Las piedras hambrientas, 1943